Statistics for Countries by Second Largest Nationality

Click here to take the quiz!

General Stats

  • This quiz has been taken 72 times
    (41 since last reset)
  • The average score is 62 of 83

Answer Stats

CountryNationality*% Correct
PortugalBrazil
100%
UruguayBrazil
100%
BoliviaBrazil
100%
MaltaUnited Kingdom
97%
LiechtensteinItaly
94%
San MarinoItaly
94%
SwitzerlandItaly
94%
UkraineRussia
94%
AzerbaijanRussia
94%
EstoniaRussia
94%
LatviaRussia
94%
BelarusRussia
94%
ArmeniaRussia
94%
PolandGermany
91%
TurkeyGermany
91%
United KingdomIndia
91%
CanadaIndia
91%
VenezuelaSpain
91%
AndorraSpain
91%
Dominican RepublicSpain
91%
United StatesChina
88%
BruneiChina
88%
MalaysiaChina
88%
PanamaChina
88%
CyprusGreece
84%
AlbaniaGreece
84%
GuatemalaMexico
84%
LithuaniaPoland
84%
IrelandPoland
84%
NorwayPoland
84%
IcelandPoland
84%
FinlandSweden
84%
PeruUnited States
84%
ColombiaUnited States
84%
EcuadorUnited States
84%
ChileArgentina
81%
ParaguayArgentina
81%
NetherlandsTurkey
81%
AustriaTurkey
81%
BulgariaTurkey
81%
GermanyTurkey
81%
DenmarkTurkey
81%
CroatiaSerbia
78%
MontenegroSerbia
78%
Bosnia & HerzegovinaSerbia
78%
SloveniaSerbia
78%
Costa RicaColombia
72%
LuxembourgPortugal
72%
ItalyRomania
72%
SpainRomania
72%
HungaryRomania
72%
CzechiaUkraine
72%
RussiaUkraine
72%
MoldovaUkraine
72%
GuyanaVenezuela
69%
HaitiDominican Republic
66%
Puerto RicoDominican Republic
66%
SwedenFinland
66%
MexicoGuatemala
66%
SlovakiaHungary
66%
SerbiaHungary
66%
RomaniaHungary
66%
CubaHaiti
63%
CambodiaVietnam
63%
MacedoniaAlbania
59%
GreeceAlbania
59%
El SalvadorHonduras
59%
BrazilJapan
59%
BelgiumMorocco
59%
HondurasNicaragua
59%
FranceAlgeria
56%
KosovoBosnia & Herzegovina
53%
NicaraguaCosta Rica
53%
BelizeEl Salvador
50%
SingaporeMalaysia
50%
BhutanNepal
47%
French GuianaSuriname
47%
Vatican CitySwitzerland
47%
ArgentinaBolivia
44%
ThailandCambodia
44%
SurinameGuyana
44%
GeorgiaAzerbaijan
38%
AfghanistanTajikistan
19%

Score Distribution

Percentile by Number Answered

Percent of People with Each Score

Your Score History

You have not taken this quiz since the last reset